| 000 | 00843nam a2200217Ia 4500 | ||
|---|---|---|---|
| 003 | GCL | ||
| 008 | 140319s9999 xx 000 0 ara d | ||
| 040 |
_aGCL / _cGCL |
||
| 082 | 0 | 4 |
_a811.009896 _bز ش |
| 100 | 1 | _aزين العابدين فؤاد | |
| 245 | 1 | 0 |
_aشعر الضفاف الاخرى : _bقصائد افريقية مترجمة / _cزين العابدين فؤاد |
| 250 | _aالاولى | ||
| 260 |
_aالقاهرة : _bالمجلس الاعلى للثقافة ، _c2005 |
||
| 300 |
_a354 ص ؛ _c19 سم |
||
| 490 |
_aالمشروع القومى للترجمة _v896 |
||
| 650 | 0 | 4 | _aالشعر الافريقى |
| 650 | 0 | 4 | _aالشعر الافريقى- دواوين وقصائد |
| 650 | 0 | 4 | _aالشعر الافريقى - تاريخ ونقد |
| 650 | 0 | 4 | _aالشعر الافريقى - مجموعات |
| 942 |
_2ddc _cBK |
||
| 999 |
_c8939 _d8939 |
||